00663cam a22001813a 450000100060000000300060000600500170001200800410002904000150007004200070008510000300009224502090012226000290033150600300036051600200039083000290041085600420043944312PGUSA20140828084018.0131130s2013||||xxu|||||s|||||000 | eng d aPGUSAbeng adc1 aBryce, George,d1844-193114aThe Remarkable History of the Hudson's Bay Company :bIncluding that of the French Traders of North-Western Canada and of the North-West, XY, and Astor Fur Companiesh[electronic resource] /cGeorge Bryce bProject Gutenberg,c2013 aPublic domain in the USA. aElectronic text 0aProject Gutenbergv4431240uhttp://www.gutenberg.org/ebooks/44312